Statistiken für Die 20 Spieler mit den meisten Toren

Klicken Sie hier um das Quiz zu spielen!

Allgemein

  • Dieses Quiz wurde 132 mal gespielt
    (66 seit der letzten Aktualisierung)
  • Das Durchschnittsergebnis liegt bei 6 aus 20

Antwortstatistiken

PlatzNationToreSpieler% Korrekt
Nr.1Portugal807Cristiano Ronaldo
100%
Nr.3Argentinien783Lionel Messi
97%
Nr.7Deutschland735Gerd Müller
86%
Nr.5Brasilien767Pele
86%
Nr.6Ungarn746Ferenc Puskas
61%
Nr.11Schweden572Zlatan Ibrahimovic
59%
Nr.14Portugal552Eusebio
44%
Nr.9Deutschland575Uwe Seeler
31%
Nr.4Brasilien772Romario
29%
Nr.18Mexiko541Hugo Sanchez
20%
Nr.19Deutschland539Fritz Walter
19%
Nr.20Brasilien524Zico
10%
Nr.13Polen/Deutschland554Ernst Willimowski
2%
Nr.16Österreich546Franz Binder
2%
Nr.2Österreich/Tschechien805Josef Bican
2%
Nr.12Brasilien557ArthurFriedenreich
0%
Nr.8Ungarn576Ferenc Deak
0%
Nr.17Portugal544Fernando Peyroteo
0%
Nr.15Schottland550Jimmy McGrory
0%
Nr.10Brasilien575Tulio Maravilha
0%

Verteilung der Resultate

Perzentil nach korrekt beantworteten Fragen

Anzahl Personen mit jedem Resultat

Ihre Resultats-Entwicklung

Sie haben dieses Quiz seit der letzten Aktualisierung nicht gespielt